Normal view
MARC view
- FORSAITH, C. C,BROWN, H. P,PANSHIN, A. J
Entry Personal Name
001 - CONTROL NUMBER
- control field: 57397
003 - CONTROL NUMBER IDENTIFIER
- control field: NUST
005 - DATE AND TIME OF LATEST TRANSACTION
- control field: 20210628201921.0
008 - FIXED-LENGTH DATA ELEMENTS
- fixed length control field: 210628|| aca||aabn | a|a d
040 ## - CATALOGING SOURCE
- Original cataloging agency: NUST
- Transcribing agency: NUST
100 ## - HEADING--PERSONAL NAME
- Personal name: FORSAITH, C. C,BROWN, H. P,PANSHIN, A. J
670 ## - SOURCE DATA FOUND
- Source citation: Work cat.: (NUST): FORSAITH, C. C,BROWN, H. P,PANSHIN, A. J, TEXTBOOK OF WOOD TECHNOLOGY STRUCTURE INDENTIFICATION DEFECTS AND USES OF THE COMMERCIAL WOODS OF THE UNITED STATES, 1949
